000 00573nam a2200205 a 4500
005 20210219153501.0
008 991125n 000 0 eng u
035 _aUPN01000102256
100 _aTaylor, Gordon
222 _aHIGHER EDUCATION RESEARCH AND DEVELOPMENT
245 _aA theory of practice : hermeneutical understanding
300 _a59-72
362 _a1993 12, no. 1
653 0 _aHERMENEUTICA
653 0 _aPAPEL DEL LENGUAJE
653 0 _aPROCESOS DE APRENDIZAJES
653 0 _aTEORIAS DE APRENDIZAJE
904 _aAC
_b040067
905 _aArticulo
999 _c78094
_d78094